000 00206nam a22000857a 4500
008 170624b xxu||||| |||| 00| 0 eng d
100 _93660
_aKennedy
245 _aon becoming a counseling
260 _aMumbai
_c2007
999 _c7074
_d7074